000 01662nam a2200361Ia 4500
003 OSt
005 20201210164458.0
008 191128s1986 ck ad gr 000 0 spa d
020 _a9684518803
040 _aCO-JMCR
_cCO-JMCR
041 0 _aspa
082 0 4 _a658.404 /
_bL537i
_223
100 1 _aLeland T., Blank,
_eautor
_912522
245 1 0 _aIngeniería económica /
_cLeland T. Blank, Anthony J. Tarquin ; traducción, Rafael Rodríguez, Demetrio Martínez ; Revisión técnica David Ledersnaider, Gabriel Baca Urbina, David Paiewonsky
250 _aSegunda edición
260 _aBogotá :
_bMcGraw-Hill,
_c1986
300 _a558 páginas :
_bdiagramas y gráficos a blanco y negro ;
_c23 cm.
500 _aIncluye índice.
504 _aBibliografía: página 550.
505 0 _aConceptos y diagramas de flujo de caja -- Factores y su empleo -- Tasas de interés nominal y efectivo, y capitalización continua -- Utilización de factores múltiples -- Valor presente y evaluación del costo capitalizado -- Evaluación del costo anual unifo
534 _pEngineering Economy
546 _aTraducido del inglés
650 2 4 _aEconomía industrial
_912523
650 2 4 _aEconomía de la ingeniería
_xtoma de decisiones
_912524
650 2 4 _aEconomía de la ingeniería
_xModelos matemáticos
_912525
700 1 _aTarquin, Anthony J.,
_eautor
_912526
700 1 _aRodriguez, Rafael,
_etraductor
_912527
700 1 _a Martínez, Demetrio,
_etraductor
_912528
700 1 _aLedersnaider, David,
_erevisor
_912529
700 1 _aBaca Urbina, Gabriel,
_erevisor
_912530
700 1 _aPaiewonsky, David,
_erevisor
_912531
942 _2ddc
_cBK
999 _c5688
_d5688